{"text_format":"3","workbook":"xls","n_sheets":1,"sheets":["Sheet1"],"read":"whole","date_system":"1900","formulas":"cached_only"}

{"sheet":"Sheet1","index":0,"n_rows":62,"n_cols":35,"rows_kept":62,"merged":[[3,0,3,14],[5,0,6,0],[5,2,6,2],[5,3,6,3],[5,4,6,4],[10,0,11,0],[10,1,11,1],[10,2,11,2],[10,3,10,7],[10,8,11,8],[10,9,11,9],[10,10,11,10],[10,11,11,11],[10,12,11,12],[10,13,11,13],[10,14,11,14],[10,15,11,15],[10,16,11,16],[10,17,11,17],[10,18,11,18],[10,19,11,19],[10,20,11,20],[10,21,11,21],[10,22,11,22],[10,23,11,23],[10,24,11,24],[10,25,11,25],[10,26,11,26],[10,27,11,27],[10,28,11,28],[10,29,11,29],[10,30,11,30],[10,31,11,31],[10,32,11,32],[10,33,11,33],[10,34,11,34]],"flags":["formulas_cached_only"]}
["Дата и время выгрузки годового плана: 2024-05-20 11:04:25"]
["Статус выгружаемого годового плана: Утвержден"]
[]
["План государственных закупок №52 от 2024-04-11"]
["Общие сведения"]
["БИН заказчика","Для государственных учреждений","Наименование заказчика (на казахском языке)","Наименование заказчика (на русском языке)","Финансовый год"]
[null,"Код ГУ"]
[1,2,3,4,5]
["990340003029","","КГКП \"Ясли-сад № 3\" отдела образования города Рудного\" Управления образования акимата Костанайской области","Қостанай облысы әкімдігі білім басқармасының \"Рудный қаласы білім бөлімінің \"№ 3 бөбекжайы\" КМҚК","2024"]
[null,"План государственных закупок"]
["№ пункта плана","ИД пункта плана","Тип пункта плана","Для государственных учреждений",{"$nulls":4},"Вид предмета закупок","Код товара, работы, услуги (в соответствии с СТРУ)","Наименование закупаемых товаров, работ, услуг на казахском языке (в соответствии с СТРУ) ","Наименование закупаемых товаров, работ, услуг на русском языке (в соответствии с СТРУ)","Краткая характеристика (описание) товаров, работ и услуг на казахском языке (в соответствии с СТРУ)","Краткая характеристика (описание) товаров, работ и услуг на русском языке (в соответствии с СТРУ)","Дополнительная характеристика (на казахском языке)","Дополнительная характеристика (на русском языке)","Планируемый способ закупок","Обоснование применения государственных закупок","Фактический способ закупок","Единица измерения (в соответствии с СТРУ)","Количество, объём ","Цена за единицу, тенге","Общая сумма, утвержденная для закупки, тенге","Утвержденная сумма на первый год трехлетнего периода","Прогнозная сумма на второй год трехлетнего периода, тенге","Прогнозная сумма на третий год трехлетнего периода, тенге","Планируемый срок осуществления государственных закупок(месяц)","Срок поставки товара, выполнения работ, оказания услуг (на казахском языке)","Срок поставки товара, выполнения работ, оказания услуг (на русском языке)","Место поставки товара, выполнения работ, оказания услуг (код населенного пункта в соответствии с КАТО)","Место поставки товара, выполнения работ, оказания услуг на казахском языке( улица, дом №, квартира№)","Место поставки товара, выполнения работ, оказания услуг на русском языке( улица, дом №, квартира№)","Размер авансового платежа, %","Признак поставщика","Статус пункта годового плана"]
[{"$nulls":3},"Администратор бюджетной программы","Программа","Подпрограмма","Специфика","Источник финансирования"]
[1,2,3,4,5,6,7,8,9,10,11,12,13,14,15,16,17,"17-1",18,19,20,21,22,23,24,25,26,27,28,29,30,31,32,33,34]
[65865570,65865570,"Закупки, не превышающие финансовый год",{"$nulls":5},"Услуга","611011.100.000001","Телефондық байланысының қызмет көрсетулері","Услуги телефонной связи","Жергілікті телефон байланысы қызметтері","Услуги местной телефонной связи","Жергілікті телефон байланысы қызметтері","Услуги местной телефонной связи","Второй этап конкурса с использованием рамочного соглашения",null,"Второй этап конкурса с использованием рамочного соглашения","Одна услуга",1,51428.58,51428.58,51428.58,null,null,"Декабрь","қантар-желтоқсан 2024 жыл","январь-декабрь 2024 года","392410000;","Қостанай облысы, Рудный қ. Костанай облысы, Рудный қаласы Сеченов көшесі, ғимарат 36;","Костанайская область, г.Рудный Костанайская область, город Рудный улица Сеченова, строение 36;",null,null,"Договор действует"]
[65882026,65882026,"Закупки, не превышающие финансовый год",{"$nulls":5},"Услуга","370011.900.000000","Ағын суларды кетіру бойынша қызмет көрсетулер","Услуги по удалению сточных вод","Ағын суларды жою (бұру) бойынша қызметтер","Услуги по удалению сточных вод (отведение)","Суды бөлу бойынша қызмет көрсетулер","Услуги по удалению сточных вод","Из одного источника путем прямого заключения договора","пп.1 п.3 ст.39 приобретения услуг, относящихся к сферам естественных монополий, а также услуг энергоснабжения или купли-продажи электрической энергии с гарантирующим поставщиком электрической энергии;","Из одного источника путем прямого заключения договора","Одна услуга",1,377995.99,377995.99,377995.99,null,null,"Январь","қантар-желтоқсан 2024 жыл","январь-декабрь 2024 года","392410000;","Қостанай облысы, Рудный қ. Костанай облысы, Рудный қаласы Сеченов көшесі, ғимарат 36;","Костанайская область, г.Рудный Костанайская область, город Рудный улица Сеченова, строение 36;",null,null,"Договор действует"]
[65882383,65882383,"Закупки, не превышающие финансовый год",{"$nulls":5},"Услуга","353012.200.000001","Коммуналдық-тұрмыстық қажеттіліктерге ыстық суды (жылу энергиясын) бөлу бойынша қызмет көрсетулер","Услуги по распределению горячей воды (тепловой энергии) на коммунально-бытовые нужды","Коммуналдық-тұрмыстық қажеттелктерге жылы суды (жылу қуатын) тарату, бөлу бойынша қызметтер.","Услуги по передаче, распределению горячей воды (тепловой энергии) на  коммунально-бытовые нужды","Коммуналдық-тұрмыстық қажеттіліктерге ыстық суды (жылу энергиясын) бөлу бойынша қызмет көрсетулер","Услуги по передаче, распределению горячей воды и тепловой энергии","Из одного источника путем прямого заключения договора","пп.1 п.3 ст.39 приобретения услуг, относящихся к сферам естественных монополий, а также услуг энергоснабжения или купли-продажи электрической энергии с гарантирующим поставщиком электрической энергии;","Из одного источника путем прямого заключения договора","Одна услуга",1,971428.58,971428.58,971428.58,null,null,"Январь","қантар-желтоқсан 2024 жыл","январь-декабрь 2024 года","392410000;","Қостанай облысы, Рудный қ. Костанай облысы, Рудный қаласы Сеченов көшесі, ғимарат 36;","Костанайская область, г.Рудный Костанайская область, город Рудный улица Сеченова, строение 36;",null,null,"Договор действует"]
[65882480,65882480,"Закупки, не превышающие финансовый год",{"$nulls":5},"Услуга","351210.900.000000","Жалпы энергиямен жабдықтау бойынша қызметтер","Услуги по общему энергоснабжению","Жалпы энергиямен жабдықтау бойынша қызметтер (электрмен жабдықтау, жылу энергиясы, ыстық су бірін қалдырмай)","Услуги по общему энергоснабжению (электроснабжение, теплоэнергия, горячая вода без исключения)","Жалпы энергиямен жабдықтау бойынша қызметтер","Услуги по передаче электроэнергии","Запрос ценовых предложений",null,"Из одного источника по несостоявшимся закупкам","Одна услуга",1,1905446.43,1905446.43,1905446.43,null,null,"Январь","қантар-желтоқсан 2024 жыл","январь-декабрь 2024 года","392410000;","Қостанай облысы, Рудный қ. Костанай облысы, Рудный қаласы Сеченов көшесі, ғимарат 36;","Костанайская область, г.Рудный Костанайская область, город Рудный улица Сеченова, строение 36;",null,null,"Договор действует"]
[65882555,65882555,"Закупки, не превышающие финансовый год",{"$nulls":5},"Услуга","381129.000.000000","Қауіпті емес қалдықтарды/мүліктерді/материалдарды шығару (жинау) бойынша қызметтер","Услуги по вывозу (сбору) неопасных отходов/имущества/материалов","зиянсыз қалдықтарды/мүліктерді/материалдарды шығару (жинау) қызметтері","Услуги по вывозу (сбору) неопасных отходов/имущества/материалов","Қауіпті емес қалдықтарды","Услуги по вывозу мусора с территории детского сада","Запрос ценовых предложений",null,"Запрос ценовых предложений","Одна услуга",1,378420,378420,378420,null,null,"Декабрь","қантар-желтоқсан 2024 жыл","январь-декабрь 2024 года","392410000;","Қостанай облысы, Рудный қ. Костанай облысы, Рудный қаласы Сеченов көшесі, ғимарат 36;","Костанайская область, г.Рудный Костанайская область, город Рудный улица Сеченова, строение 36;",null,null,"Договор действует"]
[65882621,65882621,"Закупки, не превышающие финансовый год",{"$nulls":5},"Услуга","812913.000.000000","Санитарлық қызмет көрсетулер (дезинфекция, дезинсекция, дератизация және соларға ұқсас)","Услуги санитарные (дезинфекция, дезинсекция, дератизация и аналогичные)","Санитарлық қызметтер (дезинфекция, дезинсекция, дератизация және ұқсастар)","Услуги санитарные (дезинфекция, дезинсекция, дератизация и аналогичные)","Санитарлық қызметтер (дезинфекция, дезинсекция, дератизация және ұқсастар)","Услуги по дезинфекции, дезинсекции и дератизации","Запрос ценовых предложений",null,"Запрос ценовых предложений","Одна услуга",1,41121,41121,41121,null,null,"Январь","қантар-желтоқсан 2024 жыл","январь-декабрь 2024 года","392410000;","Қостанай облысы, Рудный қ. Костанай облысы, Рудный қаласы Сеченов көшесі, ғимарат 36;","Костанайская область, г.Рудный Костанайская область, город Рудный улица Сеченова, строение 36;",null,null,"Договор действует"]
[65884115,65884115,"Закупки, не превышающие финансовый год",{"$nulls":5},"Услуга","620920.000.000017","Картридждерді толтыру бойынша қызметтер","Услуги по заправке картриджей","Картридждерді толтыру бойынша қызметттер","Услуги по заправке картриджей","Картридждерді толтыру бойынша қызметттер","Услуги по заправке картриджей","Запрос ценовых предложений",null,"Запрос ценовых предложений","Одна услуга",1,25000,25000,25000,null,null,"Январь","қантар-желтоқсан 2024 жыл","январь-декабрь 2024 года","392410000;","Қостанай облысы, Рудный қ. Костанай облысы, Рудный қаласы Сеченов көшесі, ғимарат 36;","Костанайская область, г.Рудный Костанайская область, город Рудный улица Сеченова, строение 36;",null,null,"Договор действует"]
[65884195,65884195,"Закупки, не превышающие финансовый год",{"$nulls":5},"Услуга","841212.000.000003","Санитарлық-эпидемиологиялық қызмет мекемелерінің қызмет көрсетулері","Услуги учреждений санитарно-эпидемиологической службы","Санитарлық-эпиедмиологиялық қызмет мекемесінің қызметтері","Услуги учреждений санитарно-эпидемиологической службы","Қызметкерлерді гигиеналық оқыту","Услуга по гигиеническому обучению сотрудников","Запрос ценовых предложений",null,"Запрос ценовых предложений","Одна услуга",1,16964.29,16964.29,16964.29,null,null,"Январь","қантар-желтоқсан 2024 жыл","январь-декабрь 2024 года","392410000;","Қостанай облысы, Рудный қ. Костанай облысы, Рудный қаласы Сеченов көшесі, ғимарат 36;","Костанайская область, г.Рудный Костанайская область, город Рудный улица Сеченова, строение 36;",null,null,"Исполнен"]
[65885217,65885217,"Закупки, не превышающие финансовый год",{"$nulls":5},"Услуга","382229.000.000001","Демеркуризациялау бойынша қызметтер","Услуги по демеркуризации","Дәрілеу қызметтері","Услуги по демеркуризации","Дәрілеу қызметтері","Услуга по демеркуризации","Запрос ценовых предложений",null,"Из одного источника по несостоявшимся закупкам","Одна услуга",1,5000,5000,5000,null,null,"Январь","қантар-желтоқсан 2024 жыл","январь-декабрь 2024 года","392410000;","Қостанай облысы, Рудный қ. Костанай облысы, Рудный қаласы Сеченов көшесі, ғимарат 36;","Костанайская область, г.Рудный Костанайская область, город Рудный улица Сеченова, строение 36;",null,null,"Договор действует"]
[65886276,65886276,"Закупки, не превышающие финансовый год",{"$nulls":5},"Услуга","382229.000.000000","Қауіпті қалдықтар/мүлік/материалдар шығару бойынша қызмет көрсетулер","Услуги по удалению опасных отходов/имущества/материалов","Қауіпті қалдықтарды/мүлікті/материалдарды жою бойынша қызметтер (көму/жағу/жою және ұқсас қызметтер)","Услуги по удалению опасных отходов/имущества/материалов (захоронение/сжигание/утилизация и аналогичные услуги)","Қауіпті қалдықтар/мүлік/материалдар шығару бойынша қызмет көрсетулер","Услуги по утилизации шприцов","Запрос ценовых предложений",null,"Из одного источника по несостоявшимся закупкам","Одна услуга",1,5000,5000,5000,null,null,"Январь","қантар-желтоқсан 2024 жыл","январь-декабрь 2024 года","392410000;","Қостанай облысы, Рудный қ. Костанай облысы, Рудный қаласы Сеченов көшесі, ғимарат 36;","Костанайская область, г.Рудный Костанайская область, город Рудный улица Сеченова, строение 36;",null,null,"Договор действует"]
[65886766,65886766,"Закупки, не превышающие финансовый год",{"$nulls":5},"Услуга","802010.000.000004","Өрт/күзеттік хабарлағышты/өрт сөндіру/бейнебақылау жүйелерін және ұқаса жабдықтауды техникалық қамтамасыз ету бойынша қызмет көрсетулер","Услуги по техническому обслуживанию пожарной/охранной сигнализации/систем тушения/видеонаблюдения и аналогичного оборудования","Өрт/күзет белгі беру/өрт сөндіру жүйелеріне/бейне бақылау және ұқсас жабдықтарға техникалық қызмет көрсету бойынша қызметтер","Услуги по техническому обслуживанию пожарной/охранной сигнализации/систем тушения/видеонаблюдения и аналогичного оборудования","Дабыл түймесіне қызмет көрсету қызметтері (техникалық сипаттаманы қарау)","Услуги по обслуживанию тревожной кнопки (смотреть техническую спецификацию)","Запрос ценовых предложений",null,"Запрос ценовых предложений","Одна услуга",1,72000,72000,72000,null,null,"Январь","қантар-желтоқсан 2024 жыл","январь-декабрь 2024 года","392410000;","Қостанай облысы, Рудный қ. Костанай облысы, Рудный қаласы Сеченов көшесі, ғимарат 36;","Костанайская область, г.Рудный Костанайская область, город Рудный улица Сеченова, строение 36;",null,null,"Договор действует"]
[65888116,65888116,"Закупки, не превышающие финансовый год",{"$nulls":5},"Услуга","802010.000.000004","Өрт/күзеттік хабарлағышты/өрт сөндіру/бейнебақылау жүйелерін және ұқаса жабдықтауды техникалық қамтамасыз ету бойынша қызмет көрсетулер","Услуги по техническому обслуживанию пожарной/охранной сигнализации/систем тушения/видеонаблюдения и аналогичного оборудования","Өрт/күзет белгі беру/өрт сөндіру жүйелеріне/бейне бақылау және ұқсас жабдықтарға техникалық қызмет көрсету бойынша қызметтер","Услуги по техническому обслуживанию пожарной/охранной сигнализации/систем тушения/видеонаблюдения и аналогичного оборудования","Бейнебақылауға қызмет көрсету бойынша қызметтер (техникалық сипаттаманы қараңыз)","Услуги по обслуживанию видеонаблюдения (смотреть техническую спецификацию)","Запрос ценовых предложений",null,"Запрос ценовых предложений","Одна услуга",1,72000,72000,72000,null,null,"Январь","қантар-желтоқсан 2024 жыл","январь-декабрь 2024 года","392410000;","Қостанай облысы, Рудный қ. Костанай облысы, Рудный қаласы Сеченов көшесі, ғимарат 36;","Костанайская область, г.Рудный Костанайская область, город Рудный улица Сеченова, строение 36;",null,null,"Договор действует"]
[65888175,65888175,"Закупки, не превышающие финансовый год",{"$nulls":5},"Услуга","802010.000.000004","Өрт/күзеттік хабарлағышты/өрт сөндіру/бейнебақылау жүйелерін және ұқаса жабдықтауды техникалық қамтамасыз ету бойынша қызмет көрсетулер","Услуги по техническому обслуживанию пожарной/охранной сигнализации/систем тушения/видеонаблюдения и аналогичного оборудования","Өрт/күзет белгі беру/өрт сөндіру жүйелеріне/бейне бақылау және ұқсас жабдықтарға техникалық қызмет көрсету бойынша қызметтер","Услуги по техническому обслуживанию пожарной/охранной сигнализации/систем тушения/видеонаблюдения и аналогичного оборудования","Өрт дабылына қызмет көрсету бойынша қызметтер (техникалық ерекшелікті қарау)","Услуги по обслуживанию пожарной сигнализации  (смотреть техническую спецификацию)","Запрос ценовых предложений",null,"Запрос ценовых предложений","Одна услуга",1,72000,72000,72000,null,null,"Январь","қантар-желтоқсан 2024 жыл","январь-декабрь 2024 года","392410000;","Қостанай облысы, Рудный қ. Костанай облысы, Рудный қаласы Сеченов көшесі, ғимарат 36;","Костанайская область, г.Рудный Костанайская область, город Рудный улица Сеченова, строение 36;",null,null,"Договор действует"]
[65888711,65888711,"Закупки, не превышающие финансовый год",{"$nulls":5},"Услуга","801012.000.000000","Күзет қызметтері","Услуги охраны","Күзетілетін ұйымның әкімшілік және тұрмыстық нысандарындағы күзету қызметтері (нысандарды/үй-жайларды/мүліктерді/адамдарды және сол сияқтыларды патрульдеу/күзету)","Услуги охраны (патрулирование/охрана объектов/помещений/имущества/людей и аналогичное) на административных и бытовых объектах охраняемой организации","Қостанай облысы әкімдігі білім басқармасының Рудный қаласы білім бөлімінің \"№ 3 бөбекжай-бақшасы\" КМҚК объектісі мен аумағын мамандандырылған физикалық күзету қызметтері","Услуги специализированной физической охраны объекта и территории КГКП «Ясли-сад № 3» отдела образования города Рудного» Управления образования акимата Костанайской области","Запрос ценовых предложений",null,"Запрос ценовых предложений","Одна услуга",1,5357142.86,5357142.86,5357142.86,null,null,"Январь","қантар-желтоқсан 2024 жыл","январь-декабрь 2024 года","392410000;","Қостанай облысы, Рудный қ. Костанай облысы, Рудный қаласы Сеченов көшесі, ғимарат 36;","Костанайская область, г.Рудный Костанайская область, город Рудный улица Сеченова, строение 36;",null,null,"Договор действует"]
[65886486,67208482,"Закупки, не превышающие финансовый год",{"$nulls":5},"Услуга","620230.000.000001","Ақпараттық жүйені қостау және техникалық қолдау көрсету бойынша қызмет көрсетулер","Услуги по сопровождению и технической поддержке информационной системы","Ақпараттық жүйеде ілесу және техникалық қолдау бойынша қызметтер","Услуги по сопровождению и технической поддержке информационной системы","1С бағдарламасын ақпараттық-технологиялық сүйемелдеу және бағдарламашының жұмыс уақыты (техникалық сипаттаманы қараңыз)","Информационно-технологическое сопровождение программы 1С и часы работы программиста (смотреть техническую спецификацию)","Запрос ценовых предложений",null,"Запрос ценовых предложений","Одна услуга",1,195000,195000,195000,null,null,"Январь","қантар-желтоқсан 2024 жыл","январь-декабрь 2024 года","392410000;","Қостанай облысы, Рудный қ. Костанай облысы, Рудный қаласы Сеченов көшесі, ғимарат 36;","Костанайская область, г.Рудный Костанайская область, город Рудный улица Сеченова, строение 36;",null,null,"Договор действует"]
[65870929,67208861,"Закупки, не превышающие финансовый год",{"$nulls":5},"Услуга","611043.100.000000","Интернетке қолжеткізу бойынша қызметтер","Услуги по доступу к Интернету","Сым желілері бойынша кең жолақты Интернетке қол жеткізуді ұсынуға бағытталған қызметтер","Услуги, направленные на предоставление доступа к Интернету широкополосному по сетям проводным","Рудный қаласы полиция басқармасы Жедел басқару орталығына бейне ағынын ұсыну үшін IP VPN арнайы байланыс арнасының қызметі","Услуга выделенного канала связи IP VPN для предоставления видеопотока к Центру Оперативного Управления УП город Рудный","Запрос ценовых предложений",null,"Из одного источника по несостоявшимся закупкам","Одна услуга",1,267857.15,267857.15,267857.15,null,null,"Январь","қантар-желтоқсан 2024 жыл","январь-декабрь 2024 года","392410000;","Қостанай облысы, Рудный қ. Костанай облысы, Рудный қаласы Сеченов көшесі, ғимарат 36;","Костанайская область, г.Рудный Костанайская область, город Рудный улица Сеченова, строение 36;",null,null,"Договор действует"]
[65869296,67208929,"Закупки, не превышающие финансовый год",{"$nulls":5},"Услуга","611043.100.000000","Интернетке қолжеткізу бойынша қызметтер","Услуги по доступу к Интернету","Сым желілері бойынша кең жолақты Интернетке қол жеткізуді ұсынуға бағытталған қызметтер","Услуги, направленные на предоставление доступа к Интернету широкополосному по сетям проводным","Интернетке қолжеткізу бойынша қызметтер","Услуги по доступу к интернету через ЕШДИ","Запрос ценовых предложений",null,"Из одного источника по несостоявшимся закупкам","Одна услуга",1,535714.29,535714.29,535714.29,null,null,"Январь","қантар-желтоқсан 2024 жыл","январь-декабрь 2024 года","392410000;","Қостанай облысы, Рудный қ. Костанай облысы, Рудный қаласы Сеченов көшесі, ғимарат 36;","Костанайская область, г.Рудный Костанайская область, город Рудный улица Сеченова, строение 36;",null,null,"Договор действует"]
[65868599,67209029,"Закупки, не превышающие финансовый год",{"$nulls":5},"Услуга","611043.100.000000","Интернетке қолжеткізу бойынша қызметтер","Услуги по доступу к Интернету","Сым желілері бойынша кең жолақты Интернетке қол жеткізуді ұсынуға бағытталған қызметтер","Услуги, направленные на предоставление доступа к Интернету широкополосному по сетям проводным","Интернетке қолжеткізу бойынша қызметтер","Услуги по доступу к интернету","Запрос ценовых предложений",null,"Из одного источника по несостоявшимся закупкам","Одна услуга",1,321428.58,321428.58,321428.58,null,null,"Январь","қантар-желтоқсан 2024 жыл","январь-декабрь 2024 года","392410000;","Қостанай облысы, Рудный қ. Костанай облысы, Рудный қаласы Сеченов көшесі, ғимарат 36;","Костанайская область, г.Рудный Костанайская область, город Рудный улица Сеченова, строение 36;",null,null,"Договор действует"]
[67986571,67986571,"Закупки, не превышающие финансовый год",{"$nulls":5},"Товар","259922.000.000011","Шкаф","Шкаф","металлдан жасалған, қағаздарды сақтау үшін","металлический, для хранения бумаг","Құжаттаманы сақтауға арналған металл шкаф (техникалық ерекшелікті қарау)","Шкаф металлический, для хранения документации (смотреть техническую спецификацию)","Запрос ценовых предложений",null,"Из одного источника по несостоявшимся закупкам","Штука",1,150000,150000,150000,null,null,"Январь","Шартқа қол қойылған сәттен бастап 20 күнтізбелік күн ішінде","В течение 20 календарных дней с момента подписания договора","392410000;","Қостанай облысы, Рудный қ. Костанай облысы, Рудный қаласы Сеченов көшесі, ғимарат 36;","Костанайская область, г.Рудный Костанайская область, город Рудный улица Сеченова, строение 36;",null,"Закупка у организаций, созданных общественными объединениями инвалидов","Исполнен"]
[65888380,67991243,"Закупки, не превышающие финансовый год",{"$nulls":5},"Услуга","620920.000.000008","Домендік атау көрсету бойынша қызмет көрсетулер","Услуги по предоставлению доменного имени","Домендік атауды пайдалануға ұзартуға ұсынысы бойынша қызметтер","Услуги по предоставлению и продлению пользования доменным именем","Домендік атауды пайдалануға ұзартуға ұсынысы бойынша қызметтер","Услуги по предоставлению и продлению пользования доменным именем","Запрос ценовых предложений",null,"Из одного источника по несостоявшимся закупкам","Одна услуга",1,7321.43,7321.43,7321.43,null,null,"Январь","қантар-наурыз 2024 жыл","январь-март 2024 года","392410000;","Қостанай облысы, Рудный қ. Костанай облысы, Рудный қаласы Сеченов көшесі, ғимарат 36;","Костанайская область, г.Рудный Костанайская область, город Рудный улица Сеченова, строение 36;",null,null,"Исполнен"]
[65881802,68245434,"Закупки, не превышающие финансовый год",{"$nulls":5},"Услуга","353022.000.000001","Орталықтандырылған сумен жабдықтау жүйелерін пайдаланумен суық сумен жабдықтау бойынша қызмет көрсетулер","Услуги по холодному водоснабжению с использованием систем централизованного водоснабжения","Орталықтандырылған сумен жабдықтау жүйелерін пайдаланумен беру, үлестіру және салқын сумен жабдықтау бойынша қызметтер","Услуги по передаче, распределению и холодному водоснабжению с использованием систем централизованного водоснабжения","Суды бөлу бойынша қызмет көрсетулер","Услуги по подаче питьевой воды","Из одного источника путем прямого заключения договора","пп.1 п.3 ст.39 приобретения услуг, относящихся к сферам естественных монополий, а также услуг энергоснабжения или купли-продажи электрической энергии с гарантирующим поставщиком электрической энергии;","Из одного источника путем прямого заключения договора","Одна услуга",1,268521.88,268521.88,268521.88,null,null,"Январь","қантар-желтоқсан 2024 жыл","январь-декабрь 2024 года","392410000;","Қостанай облысы, Рудный қ. Костанай облысы, Рудный қаласы Сеченов көшесі, ғимарат 36;","Костанайская область, г.Рудный Костанайская область, город Рудный улица Сеченова, строение 36;",null,null,"Договор действует"]
[65888624,68415515,"Закупки, не превышающие финансовый год",{"$nulls":5},"Услуга","631112.000.000001","Сайттарды ақпараттық қолдау бойынша қызметтер","Услуги по информационной поддержке сайтов","Сайттың графикалық элементтерін өзгерту, оларға мәтін қосу бойынша қызметтер","Услуги по изменению, добавлению текстов, графических элементов сайта","Балабақша веб-сайтына қызмет көрсету және хостингті қолдау қызметтері","Услуги по обслуживанию веб-сайта детского сада и поддержания хостинга","Запрос ценовых предложений",null,"Запрос ценовых предложений","Одна услуга",1,105000,105000,105000,null,null,"Февраль","ақпан-желтоқсан 2024 жыл","февраль-декабрь 2024 г","392410000;","Қостанай облысы, Рудный қ. Костанай облысы, Рудный қаласы Сеченов көшесі, ғимарат 36;","Костанайская область, г.Рудный Костанайская область, город Рудный улица Сеченова, строение 36;",null,null,"Договор действует"]
[68883835,68883835,"Закупки, не превышающие финансовый год",{"$nulls":5},"Услуга","841212.000.000003","Санитарлық-эпидемиологиялық қызмет мекемелерінің қызмет көрсетулері","Услуги учреждений санитарно-эпидемиологической службы","Санитарлық-эпиедмиологиялық қызмет мекемесінің қызметтері","Услуги учреждений санитарно-эпидемиологической службы","Өндірістік бақылау (техникалық сипаттаманы қарау)","Производственный контроль (смотреть техническую спецификацию)","Запрос ценовых предложений",null,"Запрос ценовых предложений","Одна услуга",1,178651,178651,178651,null,null,"Февраль","шартқа қол қойылған сәттен бастап 2024 жылғы 31 желтоқсанға дейін","с момента подписания договора и до 31 декабря 2024 года","392410000;","Қостанай облысы, Рудный қ. Костанай облысы, Рудный қаласы Сеченов көшесі, ғимарат 36;","Костанайская область, г.Рудный Костанайская область, город Рудный улица Сеченова, строение 36;",null,null,"Договор действует"]
[65884957,69365729,"Закупки, не превышающие финансовый год",{"$nulls":5},"Услуга","841212.000.000003","Санитарлық-эпидемиологиялық қызмет мекемелерінің қызмет көрсетулері","Услуги учреждений санитарно-эпидемиологической службы","Санитарлық-эпиедмиологиялық қызмет мекемесінің қызметтері","Услуги учреждений санитарно-эпидемиологической службы","Санитариялық-эпидемиологиялық қызметтің қызметтері (талдауларды зерттеу, 38 адам)","Услуги санитарно-эпидемиологической службы (исследование анализов, 38 человек)","Запрос ценовых предложений",null,"Из одного источника по несостоявшимся закупкам","Одна услуга",1,146520,146520,146520,null,null,"Январь","ақпан-наурыз 2024 жыл","февраль-март 2024 года","392410000;","Қостанай облысы, Рудный қ. Костанай облысы, Рудный қаласы Сеченов көшесі, ғимарат 36;","Костанайская область, г.Рудный Костанайская область, город Рудный улица Сеченова, строение 36;",null,null,"Исполнен"]
[65884287,69366238,"Закупки, не превышающие финансовый год",{"$nulls":5},"Услуга","841212.030.000000","Персоналды медициналық тексеріп қарау бойынша қызметтер, соның ішінде, алдын ала, мерзімді және кезектен тыс (жоспардан тыс) тексеріп қараулар","Услуги по медицинскому осмотру персонала, включая предварительные, периодические и внеочередные (внеплановые) осмотры","Алдын ала, мерзімді және кезектен тыс тексерулерді қоса алғанда, жеке құрамды медициналық тексеруден өткізу бойынша қызметтер","Услуги по медицинскому осмотру персонала, включая предварительные, периодические и  внеочередные (внеплановые) осмотры","Қызметкерлерді медициналық тексеру бойынша Қызметтер (техникалық ерекшелікті қарау)","Услуги по медицинскому осмотру сотрудников (смотреть техническую спецификацию)","Запрос ценовых предложений",null,"Из одного источника по несостоявшимся закупкам","Одна услуга",1,213725,213725,213725,null,null,"Январь","ақпан-наурыз 2024 жыл","февраль-март 2024 года","392410000;","Қостанай облысы, Рудный қ. Костанай облысы, Рудный қаласы Сеченов көшесі, ғимарат 36;","Костанайская область, г.Рудный Костанайская область, город Рудный улица Сеченова, строение 36;",null,null,"Исполнен"]
[68883984,69372129,"Закупки, не превышающие финансовый год",{"$nulls":5},"Услуга","620920.000.000003","Услуги по установке/настройке программного обеспечения","Услуги по установке/настройке программного обеспечения","Услуги по установке/настройке программного обеспечения","Услуги по установке/настройке программного обеспечения","Бағдарламалық өнімді орнату \" Парус-КАЗ.Бюджет \" (бюджеттік өтінім. Білім берудегі тарифтеу)","Установка программного продукта \"Парус-КАЗ.Бюджет\" (Бюджетная заявка. Тарификация в образовании)","Из одного источника путем прямого заключения договора","пп.3 п.3 ст.39 приобретение товаров, услуг, являющихся объектами интеллектуальной собственности, у лица, обладающего исключительными правами в отношении приобретаемых товаров, услуг, а также работ по корректировке предпроектной или проектно-сметной документации у лица, разработавшего данную предпроектную или проектно-сметную документацию","Из одного источника путем прямого заключения договора","Одна услуга",1,330357.15,330357.15,330357.15,null,null,"Март","Шартқа қол қойылған сәттен бастап 15 жұмыс күні ішінде","В течение 15 рабочих дней с момента подписания договора","392410000;","Қостанай облысы, Рудный қ. Костанай облысы, Рудный қаласы Сеченов көшесі, ғимарат 36;","Костанайская область, г.Рудный Костанайская область, город Рудный улица Сеченова, строение 36;",null,null,"Исполнен"]
[69372535,69372535,"Закупки, не превышающие финансовый год",{"$nulls":5},"Товар","204132.590.000032","Ұнтақ","Порошок","кір жуатын, әртүрлі маталардан жасалған бұйымдарға арналған","стиральный, для изделий из различных тканей","Ұнтақ кір жуатын, әртүрлі маталардан жасалған бұйымдарға арналған","Порошок стиральный, автомат, фасовка не менее 400 гр","Запрос ценовых предложений",null,"Запрос ценовых предложений","Штука",150,450,67500,67500,null,null,"Апрель","Шартқа қол қойылған сәттен бастап 16 күнтізбелік күн ішінде","В течение 16 календарных дней с момента подписания договора","392410000;","Қостанай облысы, Рудный қ. Костанай облысы, Рудный қаласы Сеченов көшесі, ғимарат 36;","Костанайская область, г.Рудный Костанайская область, город Рудный улица Сеченова, строение 36;",null,null,"Утвержден"]
[69372610,69372610,"Закупки, не превышающие финансовый год",{"$nulls":5},"Товар","204131.900.000000","Сабын","Мыло","дәретханалық, сұйық","туалетное, жидкое","Сабын дәретханалық, сұйық, 5 литр","Мыло туалетное, жидкое, фасовка по 5 литров","Запрос ценовых предложений",null,"Запрос ценовых предложений","Бутылка",5,2000,10000,10000,null,null,"Апрель","Шартқа қол қойылған сәттен бастап 16 күнтізбелік күн ішінде","В течение 16 календарных дней с момента подписания договора","392410000;","Қостанай облысы, Рудный қ. Костанай облысы, Рудный қаласы Сеченов көшесі, ғимарат 36;","Костанайская область, г.Рудный Костанайская область, город Рудный улица Сеченова, строение 36;",null,null,"Утвержден"]
[69373215,69373215,"Закупки, не превышающие финансовый год",{"$nulls":5},"Товар","204131.950.000000","Сабын","Мыло","шаруашылық, қатты","хозяйственное, твердое","Сабын шаруашылық 72%, қатты 300 гр","Мыло хозяйственное 72% фасовка не менее 300 гр","Запрос ценовых предложений",null,"Запрос ценовых предложений","Штука",210,330,69300,69300,null,null,"Апрель","Шартқа қол қойылған сәттен бастап 16 күнтізбелік күн ішінде","В течение 16 календарных дней с момента подписания договора","392410000;","Қостанай облысы, Рудный қ. Костанай облысы, Рудный қаласы Сеченов көшесі, ғимарат 36;","Костанайская область, г.Рудный Костанайская область, город Рудный улица Сеченова, строение 36;",null,null,"Утвержден"]
[69373328,69373328,"Закупки, не превышающие финансовый год",{"$nulls":5},"Товар","204132.790.000001","Тазарту құралы","Средство чистящее","беткейлерді дезинфекциялау үшін, ұнтақ тәрізді","для дезинфекции поверхностей, порошкообразное","Тазарту құралы беткейлерді дезинфекциялау үшін, ұнтақ тәрізді, өлші 400 гр","Чистящее средство, порошковое, очищающий пятна, фасовка не менее 400 гр","Запрос ценовых предложений",null,"Запрос ценовых предложений","Штука",40,350,14000,14000,null,null,"Апрель","Шартқа қол қойылған сәттен бастап 16 күнтізбелік күн ішінде","В течение 16 календарных дней с момента подписания договора","392410000;","Қостанай облысы, Рудный қ. Костанай облысы, Рудный қаласы Сеченов көшесі, ғимарат 36;","Костанайская область, г.Рудный Костанайская область, город Рудный улица Сеченова, строение 36;",null,null,"Утвержден"]
[69373374,69373374,"Закупки, не превышающие финансовый год",{"$nulls":5},"Товар","201343.100.000008","Натрий карбонаты","Карбонат натрия","техникалық, маркасы А, сұрып 1","технический, марка А, сорт 1","Натрий карбонаты техникалық, сұрып 2, 600 гр","Сода кальцинированная, техническая, фасовка по 600 гр","Запрос ценовых предложений",null,"Запрос ценовых предложений","Штука",60,400,24000,24000,null,null,"Апрель","Шартқа қол қойылған сәттен бастап 16 күнтізбелік күн ішінде","В течение 16 календарных дней с момента подписания договора","392410000;","Қостанай облысы, Рудный қ. Костанай облысы, Рудный қаласы Сеченов көшесі, ғимарат 36;","Костанайская область, г.Рудный Костанайская область, город Рудный улица Сеченова, строение 36;",null,null,"Утвержден"]
[69373462,69373462,"Закупки, не превышающие финансовый год",{"$nulls":5},"Товар","204141.000.000008","Зарарсыздандырғыш құрал","Средство дезинфицирующее","үй-жайлар үшін","для помещений","Жуу құралы, дақты кетіруге арналған, сұйықтық, өлші 1000 мл","Белизна, фасовка не менее 1000 мл","Запрос ценовых предложений",null,"Запрос ценовых предложений","Бутылка",24,350,8400,8400,null,null,"Апрель","Шартқа қол қойылған сәттен бастап 16 күнтізбелік күн ішінде","В течение 16 календарных дней с момента подписания договора","392410000;","Қостанай облысы, Рудный қ. Костанай облысы, Рудный қаласы Сеченов көшесі, ғимарат 36;","Костанайская область, г.Рудный Костанайская область, город Рудный улица Сеченова, строение 36;",null,null,"Утвержден"]
[69373835,69373835,"Закупки, не превышающие финансовый год",{"$nulls":5},"Услуга","353022.000.000001","Орталықтандырылған сумен жабдықтау жүйелерін пайдаланумен суық сумен жабдықтау бойынша қызмет көрсетулер","Услуги по холодному водоснабжению с использованием систем централизованного водоснабжения","Орталықтандырылған сумен жабдықтау жүйелерін пайдаланумен беру, үлестіру және салқын сумен жабдықтау бойынша қызметтер","Услуги по передаче, распределению и холодному водоснабжению с использованием систем централизованного водоснабжения","Суды бөлу бойынша қызмет көрсетулер","Услуги по подаче питьевой воды","Из одного источника путем прямого заключения договора","пп.1 п.3 ст.39 приобретения услуг, относящихся к сферам естественных монополий, а также услуг энергоснабжения или купли-продажи электрической энергии с гарантирующим поставщиком электрической энергии;","Из одного источника путем прямого заключения договора","Одна услуга",1,268521.88,268521.88,268521.88,null,null,"Март","наурыз-желтоқсан 2024 жыл","март-декабрь 2024 года","392410000;","Қостанай облысы, Рудный қ. Костанай облысы, Рудный қаласы Сеченов көшесі, ғимарат 36;","Костанайская область, г.Рудный Костанайская область, город Рудный улица Сеченова, строение 36;",null,null,"Договор действует"]
[69373935,69373935,"Закупки, не превышающие финансовый год",{"$nulls":5},"Услуга","370011.900.000000","Ағын суларды кетіру бойынша қызмет көрсетулер","Услуги по удалению сточных вод","Ағын суларды жою (бұру) бойынша қызметтер","Услуги по удалению сточных вод (отведение)","Суды бөлу бойынша қызмет көрсетулер","Услуги по удалению сточных вод","Из одного источника путем прямого заключения договора","пп.1 п.3 ст.39 приобретения услуг, относящихся к сферам естественных монополий, а также услуг энергоснабжения или купли-продажи электрической энергии с гарантирующим поставщиком электрической энергии;","Из одного источника путем прямого заключения договора","Одна услуга",1,377995.99,377995.99,377995.99,null,null,"Март","наурыз-желтоқсан 2024 жыл","март-декабрь 2024 года","392410000;","Қостанай облысы, Рудный қ. Костанай облысы, Рудный қаласы Сеченов көшесі, ғимарат 36;","Костанайская область, г.Рудный Костанайская область, город Рудный улица Сеченова, строение 36;",null,null,"Договор действует"]
[68884389,69504732,"Закупки, не превышающие финансовый год",{"$nulls":5},"Услуга","620230.000.000001","Ақпараттық жүйені қостау және техникалық қолдау көрсету бойынша қызмет көрсетулер","Услуги по сопровождению и технической поддержке информационной системы","Ақпараттық жүйеде ілесу және техникалық қолдау бойынша қызметтер","Услуги по сопровождению и технической поддержке информационной системы","Қызмет көрсету өнімді орнату \" Парус-КАЗ.Бюджет \" (бюджеттік өтінім. Білім берудегі тарифтеу)","Обслуживание программного продукта \"Парус-КАЗ.Бюджет\" (Бюджетная заявка. Тарификация в образовании)","Из одного источника путем прямого заключения договора","пп.3 п.3 ст.39 приобретение товаров, услуг, являющихся объектами интеллектуальной собственности, у лица, обладающего исключительными правами в отношении приобретаемых товаров, услуг, а также работ по корректировке предпроектной или проектно-сметной документации у лица, разработавшего данную предпроектную или проектно-сметную документацию","Из одного источника путем прямого заключения договора","Одна услуга",1,256250,256250,256250,null,null,"Март","ай сайын және 2024 жылғы 31 желтоқсанға дейін","ежемесячно и до 31 декабря 2024 года","392410000;","Қостанай облысы, Рудный қ. Костанай облысы, Рудный қаласы Сеченов көшесі, ғимарат 36;","Костанайская область, г.Рудный Костанайская область, город Рудный улица Сеченова, строение 36;",null,null,"Договор действует"]
[69505736,69505736,"Закупки в счет условной экономии",{"$nulls":5},"Услуга","900212.900.000000","Іс-шараларға қатысуды қамтамасыз ету бойынша қызметтер","Услуги по обеспечению участия в мероприятиях","Жарна немесе іс-шаралар шығындарын өтеу (көрмелер, конференциялар, бағдарламалар, форумдар, симпозиумдар және т.б.) және осындай іс-шараларға байланысты басқа да шығындарды өтеу.","Оплата взноса и других расходов за участие в мероприятиях (выставки, конференции, программы, форумы, симпозиумы и др.) и оплата других расходов связанных с такими мероприятиями","Іс-шараларға қатысуды қамтамасыз ету жөніндегі қызметтер)","Услуги по обеспечению участия в мероприятиях)","Из одного источника путем прямого заключения договора","пп.45 п.3 ст.39 приобретения материалов выставок, семинаров, конференций, совещаний, форумов, симпозиумов, тренингов, а также оплаты за участие в указанных мероприятиях, когда данные государственные закупки включены в годовой план государственных закупок при его уточнении","Из одного источника путем прямого заключения договора","Одна услуга",1,32000,32000,32000,null,null,"Март","2024 жылғы 31 мамыр","до 31 мая 2024 года","392410000;","Қостанай облысы, Рудный қ. Қостанай облысы, Рудный қаласы, Сеченов көшесі, 36-құрылыс;","Костанайская область, г.Рудный Костанайская область, город Рудный, улица Сеченова, строение 36;",null,null,"Исполнен"]
[68415603,69505840,"Закупки, не превышающие финансовый год",{"$nulls":5},"Услуга","841212.000.000003","Санитарлық-эпидемиологиялық қызмет мекемелерінің қызмет көрсетулері","Услуги учреждений санитарно-эпидемиологической службы","Санитарлық-эпиедмиологиялық қызмет мекемесінің қызметтері","Услуги учреждений санитарно-эпидемиологической службы","Ауа-тамшы инфекцияларының қоздырғыштарын зерттеу (стафилококкқа жұтқыншақ пен мұрын жағындысы), 37 адам","Исследования на возбудителей воздушно-капельных инфекций (мазок из зева и носа на стафилококк), 37 человек","Запрос ценовых предложений",null,"Запрос ценовых предложений","Одна услуга",1,39960,39960,39960,null,null,"Март","ақпан-наурыз 2024 жыл","февраль-март 2024 года","392410000;","Қостанай облысы, Рудный қ. Костанай облысы, Рудный қаласы Сеченов көшесі, ғимарат 36;","Костанайская область, г.Рудный Костанайская область, город Рудный улица Сеченова, строение 36;",null,null,"Исполнен"]
[69505965,69505965,"Закупки, не превышающие финансовый год",{"$nulls":5},"Услуга","841212.000.000003","Санитарлық-эпидемиологиялық қызмет мекемелерінің қызмет көрсетулері","Услуги учреждений санитарно-эпидемиологической службы","Санитарлық-эпиедмиологиялық қызмет мекемесінің қызметтері","Услуги учреждений санитарно-эпидемиологической службы","Санитариялық-эпидемиологиялық қызметтің қызметтері","Услуги санитарно-эпидемиологической службы","Запрос ценовых предложений",null,"Запрос ценовых предложений","Одна услуга",1,66010,66010,66010,null,null,"Июль","шілде-желтоқсан 2024 жыл","июль-декабрь 2024 г","392410000;","Қостанай облысы, Рудный қ. Костанай облысы, Рудный қаласы Сеченов көшесі, ғимарат 36;","Костанайская область, г.Рудный Костанайская область, город Рудный улица Сеченова, строение 36;",null,null,"Утвержден"]
[69875091,69875091,"Закупки в счет условной экономии",{"$nulls":5},"Работа","432110.791.000000","Келіссөздік жабдықты орнату/монтаждау бойынша жұмыстар","Работы по установке/монтажу переговорного оборудования","Домофондарды, келіссөздік және ұқсас жабдықтарды орнату/монтаждау бойынша жұмыстар","Работы по установке/монтажу домофонов, переговорного и аналогичного оборудования","Балабақшада интерком жүйесін орнату бойынша жұмыс (техникалық сипаттаманы міндетті түрде қараңыз)","Работы по установке видео-домофонной системы в детском саду (обязательно смотреть техническую спецификацию)","Запрос ценовых предложений",null,"Запрос ценовых предложений","Работа",1,946607.15,946607.15,946607.15,null,null,"Апрель","Шартқа қол қойылған сәттен бастап 16 күнтізбелік күн ішінде","В течение 16 календарных дней с момента подписания договора","392410000;","Қостанай облысы, Рудный қ. Рудный қаласы Сеченов көшесі, ғимарат 36;","Костанайская область, г.Рудный Город Рудный улица Сеченова, строение 36;",null,null,"Договор действует"]
[69875187,69875187,"Закупки в счет условной экономии",{"$nulls":5},"Товар","264033.900.000006","Бейнекамера","Видеокамера","цифрлық","цифровая","Бейнекамера (техникалық ерекшелерінде толық сипаттамасы көрсетілген)","Видеокамера цифровая цилиндрическая (подробное описание смотреть в технической спецификации)","Запрос ценовых предложений",null,"Из одного источника по несостоявшимся закупкам","Штука",2,70000,140000,140000,null,null,"Апрель","Шартқа қол қойылған сәттен бастап 16 күнтізбелік күн ішінде","В течение 16 календарных дней с момента подписания договора","392410000;","Қостанай облысы, Рудный қ. Костанай облысы, Рудный қаласы Сеченов көшесі, ғимарат 36;","Костанайская область, г.Рудный Костанайская область, город Рудный улица Сеченова, строение 36;",null,null,"Договор действует"]
[69875265,69875265,"Закупки в счет условной экономии",{"$nulls":5},"Товар","265151.100.000036","Термометр","Термометр","ТС-7-М1","ТС-7-М1","Тоңазытқыш термометрі","Термометр  для холодильника","Запрос ценовых предложений",null,"Запрос ценовых предложений","Штука",3,1300,3900,3900,null,null,"Апрель","Шартқа қол қойылған сәттен бастап 16 күнтізбелік күн ішінде","В течение 16 календарных дней с момента подписания договора","392410000;","Қостанай облысы, Рудный қ. Костанай облысы, Рудный қаласы Сеченов көшесі, ғимарат 36;","Костанайская область, г.Рудный Костанайская область, город Рудный улица Сеченова, строение 36;",null,null,"Закупка не состоялась"]
[69875297,69875297,"Закупки в счет условной экономии",{"$nulls":5},"Товар","325013.100.000035","Тіл ұстағыш","Языкодержатель","медициналық","медицинский","қайта пайдалануға болатын тіл ұстаушы","языкодержатель многоразовый","Запрос ценовых предложений",null,"Из одного источника по несостоявшимся закупкам","Штука",1,5500,5500,5500,null,null,"Апрель","Шартқа қол қойылған сәттен бастап 16 күнтізбелік күн ішінде","В течение 16 календарных дней с момента подписания договора","392410000;","Қостанай облысы, Рудный қ. Костанай облысы, Рудный қаласы Сеченов көшесі, ғимарат 36;","Костанайская область, г.Рудный Костанайская область, город Рудный улица Сеченова, строение 36;",null,null,"Договор действует"]
[69875324,69875324,"Закупки в счет условной экономии",{"$nulls":5},"Товар","325013.100.000029","Кеңейткіш","Расширитель","медициналық","медицинский","Кремальера роторасшираторы қайта пайдалануға болады","Роторасширитель с кремальерой  многоразовый","Запрос ценовых предложений",null,"Запрос ценовых предложений","Штука",1,15000,15000,15000,null,null,"Апрель","Шартқа қол қойылған сәттен бастап 16 күнтізбелік күн ішінде","В течение 16 календарных дней с момента подписания договора","392410000;","Қостанай облысы, Рудный қ. Костанай облысы, Рудный қаласы Сеченов көшесі, ғимарат 36;","Костанайская область, г.Рудный Костанайская область, город Рудный улица Сеченова, строение 36;",null,null,"Договор действует"]
[69875494,69875494,"Закупки, не превышающие финансовый год",{"$nulls":5},"Работа","410040.300.000009","Работы по текущему ремонту нежилых зданий/сооружений/помещений","Работы по текущему ремонту нежилых зданий/сооружений/помещений","Работы по текущему ремонту нежилых зданий/сооружений/помещений","Работы по текущему ремонту нежилых зданий/сооружений/помещений","Балабақшадағы №4 топтағы дәретхананы ағымдағы жөндеу (техникалық сипаттаманы және ақаулы ведомості міндетті түрде қарау керек)","Текущий ремонт туалета в группе №4 в детском саду (обязательно смотреть техническую спецификацию и дефектную ведомость)","Запрос ценовых предложений",null,"Запрос ценовых предложений","Работа",1,2225921.43,2225921.43,2225921.43,null,null,"Апрель","с 3 июня  2024 года по 18 июня 2024 года","2024 жылғы 3 маусымнан 2024 жылғы 18 маусымға дейін.","392410000;","Қостанай облысы, Рудный қ. Рудный қаласы Сеченов көшесі, ғимарат 36;","Костанайская область, г.Рудный Город Рудный улица Сеченова, строение 36;",null,null,"Договор действует"]
[69875572,69875572,"Закупки, не превышающие финансовый год",{"$nulls":5},"Работа","410040.300.000009","Работы по текущему ремонту нежилых зданий/сооружений/помещений","Работы по текущему ремонту нежилых зданий/сооружений/помещений","Работы по текущему ремонту нежилых зданий/сооружений/помещений","Работы по текущему ремонту нежилых зданий/сооружений/помещений","Балабақшадағы үй-жайларды (№5 топтағы дәліз және еден) ағымдағы жөндеу (техникалық ерекшелікті және ақаулы ведомості қарау міндетті)","Текущий ремонт помещений (коридор и пол в группе №5) в детском саду (обязательно смотреть техническую спецификацию и дефектную ведомость)","Запрос ценовых предложений",null,"Запрос ценовых предложений","Работа",1,855705.36,855705.36,855705.36,null,null,"Апрель","с 4 июля  2024 года по 22 июля 2024 года","2024 жылғы 4  шілденен 2024 жылғы 22 шілдеге дейін","392410000;","Қостанай облысы, Рудный қ. Рудный қаласы Сеченов көшесі, ғимарат 36;","Костанайская область, г.Рудный Город Рудный улица Сеченова, строение 36;",null,null,"Договор действует"]
[69875629,69875629,"Закупки, не превышающие финансовый год",{"$nulls":5},"Работа","410040.300.000009","Работы по текущему ремонту нежилых зданий/сооружений/помещений","Работы по текущему ремонту нежилых зданий/сооружений/помещений","Работы по текущему ремонту нежилых зданий/сооружений/помещений","Работы по текущему ремонту нежилых зданий/сооружений/помещений","Балабақшадағы № 1 топтағы дәретханадағы еденді ағымдағы жөндеу (техникалық сипаттаманы және ақаулы ведомості міндетті түрде қарау керек)","Текущий ремонт пола в туалете в группе №1 в детском саду (обязательно смотреть техническую спецификацию и дефектную ведомость)","Запрос ценовых предложений",null,"Запрос ценовых предложений","Работа",1,371784.83,371784.83,371784.83,null,null,"Апрель","с 20 июня  2024 года по 5 июля 2024 года","2024 жылғы 20  маусымнан 2024 жылғы 5 шілдеге дейін","392410000;","Қостанай облысы, Рудный қ. Рудный қаласы Сеченов көшесі, ғимарат 36;","Костанайская область, г.Рудный Город Рудный улица Сеченова, строение 36;",null,null,"Договор действует"]
[{"$nulls":22},16726393.700000001]
[{"$nulls":9},"Заведующая                                                  В.И. Носкова"]
[{"$nulls":9},"Исполнитель: Селивёрстова В.Н."]